LEADER 01025nam 2200373 450 001 9910317805903321 005 20221021163146.0 010 $a1-83881-673-9 010 $a1-78923-425-5 035 $a(CKB)4970000000100025 035 $a(NjHacI)994970000000100025 035 $a(EXLCZ)994970000000100025 100 $a20221021d2018 uy 0 101 0 $aeng 135 $aur||||||||||| 181 $ctxt$2rdacontent 182 $cc$2rdamedia 183 $acr$2rdacarrier 200 00$aPolyphenols /$fJanica Wong, editor 210 1$a[Place of publication not identified] :$cIntechOpen,$d[2018] 210 4$dİ2018 215 $a1 online resource (130 pages) $cillustrations 311 $a1-78923-424-7 320 $aIncludes bibliographical references. 606 $aPolyphenols 615 0$aPolyphenols. 676 $a572.2 702 $aWong$b Janica 801 0$bNjHacI 801 1$bNjHacl 906 $aBOOK 912 $a9910317805903321 996 $aPolyphenols$91909529 997 $aUNINA LEADER 02362oam 2200637 450 001 9910715172903321 005 20201211101401.0 035 $a(CKB)5470000002508283 035 $a(OCoLC)1089090484$z(OCoLC)966434485$z(OCoLC)1103249078 035 $a(OCoLC)995470000002508283 035 $a(EXLCZ)995470000002508283 100 $a20190302d1987 ua 0 101 0 $aeng 135 $aurbn||||||||| 181 $ctxt$2rdacontent 182 $cc$2rdamedia 183 $acr$2rdacarrier 200 10$aDischarge ratings for control gates at Mississippi River Lock and Dam 18, Gladstone, Illinois /$fby Albert J. Heinitz ; prepared in cooperation with U.S. Army Corps of Engineers, Rock Island District 210 1$aIowa City, Iowa :$cU.S. Geological Survey,$d1987. 215 $a1 online resource (viii, 44 pages) $cillustrations, map 225 1 $aWater resources investigations report ;$v87-4110 320 $aIncludes bibliographical references (pages 43-44). 606 $aHydraulic models 606 $aFlow meters 606 $aLocks (Hydraulic engineering)$xModels$zMississippi River 606 $aLocks (Hydraulic engineering)$xModels$zIllinois$zGladstone (Township) 606 $aDams$xModels$zMississippi River 606 $aDams$xModels$zIllinois$zGladstone (Township) 606 $aDams$xModels$2fast 606 $aFlow meters$2fast 606 $aHydraulic models$2fast 606 $aLocks (Hydraulic engineering)$xModels$2fast 607 $aMississippi River$2fast 615 0$aHydraulic models. 615 0$aFlow meters. 615 0$aLocks (Hydraulic engineering)$xModels 615 0$aLocks (Hydraulic engineering)$xModels 615 0$aDams$xModels 615 0$aDams$xModels 615 7$aDams$xModels. 615 7$aFlow meters. 615 7$aHydraulic models. 615 7$aLocks (Hydraulic engineering)$xModels. 700 $aHeinitz$b Albert J.$01388242 712 02$aGeological Survey (U.S.), 712 02$aUnited States.$bArmy.$bCorps of Engineers.$bRock Island District. 801 0$bOCLCE 801 1$bOCLCE 801 2$bCOP 801 2$bOCLCF 801 2$bOCLCQ 801 2$bGPO 906 $aBOOK 912 $a9910715172903321 996 $aDischarge ratings for control gates at Mississippi River Lock and Dam 18, Gladstone, Illinois$93483972 997 $aUNINA